000 00678nam a22002177a 4500
999 _c8824
_d8824
001 8824
003 BD-JhCC
005 20181023093310.0
008 180304b1981 bg ||||| |||| 00| 0 ben d
035 _a(BD-JhCC)8824
040 _aBD-JhCC
_dBD-JhCC
041 _aben
082 _a923.1
_bCHO 1981
100 _aচৌধুরী, সিরাজুল হক
245 _aজীবনের ঝাঁকে বাঁকে /
_c সিরাজুল হক চৌধুরী
260 _aকুস্টিয়া :
_c1981,
_bজাগরণী প্রকাশনা.
300 _a402 p. :
_c20 cm.
650 _aBiography
942 _2ddc
_cBK